Flagi Państw bez liter P,O,L,S,K,A - Statystyki

Ogólne statystyki
  • Ten quiz został rozwiązany 7 098 razy
  • Średni wynik to 10 z 12
Statystyki odpowiedzi
Obrazkowy Odpowiedź % Poprawnych
Niemcy
100%
Czechy
99%
Chiny
96%
Indie
95%
Węgry
91%
Niger
77%
Jemen
76%
Fidżi
74%
Burundi
71%
Benin
68%
Brunei
66%
Dżibuti
59%
Nie znaleziono quizów pasujących do podanych kryteriów
Rozkład punktacji
Procent ludzi z każdym wynikiem
Percentyl według liczby udzielonych odpowiedzi
Twoja historia wyników
Nie rozwiązałeś tego quizu